How to win friends and influence people (Record no. 369654)

MARC details
000 -LEADER
fixed length control field 00455nam a2200169 4500
005 - DATE AND TIME OF LATEST TRANSACTION
control field 20251231163003.0
008 - FIXED-LENGTH DATA ELEMENTS--GENERAL INFORMATION
fixed length control field 251231b |||||||| |||| 00| 0 eng d
020 ## - INTERNATIONAL STANDARD BOOK NUMBER
International Standard Book Number 978-93-91256-68-5
041 ## - LANGUAGE CODE
Language code of text/sound track or separate title English
082 ## - DEWEY DECIMAL CLASSIFICATION NUMBER
Classification number X 158.1 CAR
Item number B12111
100 ## - MAIN ENTRY--PERSONAL NAME
Author Carnegie, Dale
245 ## - TITLE STATEMENT
Title How to win friends and influence people
260 ## - PUBLICATION, DISTRIBUTION, ETC.
Place of publication, distribution, etc. New Delhi
Name of publisher, distributor, etc. Rupa Publication
Date of publication, distribution, etc. 2016
300 ## - PHYSICAL DESCRIPTION
Extent 274p
Other physical details pb
365 ## - TRADE PRICE
Price type code Rupaye
Price amount 195
Currency code INR
942 ## - ADDED ENTRY ELEMENTS (KOHA)
Koha item type Books
Holdings
Withdrawn status Lost status Source of classification or shelving scheme Damaged status Not for loan Collection code Home library Current library Date acquired Vendor Net Price Bill number Total Checkouts Full call number Barcode Date last seen Date last checked out Actual Price Bill Date Koha item type Original Barcode
    Dewey Decimal Classification     Non-fiction Smt. Bakul Tambat Institute of Nursing Education Smt. Bakul Tambat Institute of Nursing Education 30/12/2025 Amazon(online) 406-3637480-7345125 91.00 JPX2-817273 2 X 158.1 CAR B12111 BTIN-BK-12111 11/02/2026 07/02/2026 195.00 14/10/2025 Books BTIN-BK-12111